logo

Bir Sreshtho Munshi Abdur Rouf Library
Jhenaidah Cadet College

আজকের বিতর্ক: (Record no. 11684)

MARC details
000 -LEADER
fixed length control field 01078nam a2200289 a 4500
001 - CONTROL NUMBER
JCCL Control Number 11684
003 - CONTROL NUMBER IDENTIFIER
JCCL marc code BD-JhCC
005 - DATE AND TIME OF LATEST TRANSACTION
control field 20210301134020.0
008 - FIXED-LENGTH DATA ELEMENTS--GENERAL INFORMATION
fixed length control field 200719b2019 bg |||| ||a| 000 0 ben d
020 ## - INTERNATIONAL STANDARD BOOK NUMBER
International Standard Book Number 9789849422211
035 ## - SYSTEM CONTROL NUMBER
system control number (BD-JhCC)11684
040 ## - CATALOGING SOURCE
Original cataloging agency BD-JhCC
Modifying agency BD-JhCC
041 ## - LANGUAGE CODE
Language code of Book ben
082 ## - DEWEY DECIMAL CLASSIFICATION NUMBER
Classification number 371.5
Author mark and Year AJK 2019
245 ## - TITLE STATEMENT
Title আজকের বিতর্ক:
Remainder of title প্রতিযোগিতামূলক বিতর্কের আদ্যোপান্ত /
Statement of responsibility, etc সম্পা: এফ এইচ ইয়াসিন শাফি, শাফী আব্দুল্লাহ ।
260 ## - PUBLICATION, DISTRIBUTION, ETC. (IMPRINT)
Place of publication, distribution, etc ঢাকা:
Name of publisher, distributor, etc ইউনিভার্সিটি প্রেস লিমিটেড;
Date of publication, distribution, etc ২০১৯.
300 ## - PHYSICAL DESCRIPTION
Pagination 288 p. :
Dimensions 18 cm.
650 ## - SUBJECT ADDED ENTRY--TOPICAL TERM
Topical term or geographic name as entry element Presentation
650 ## - SUBJECT ADDED ENTRY--TOPICAL TERM
Topical term or geographic name as entry element Teaching
650 ## - SUBJECT ADDED ENTRY--TOPICAL TERM
Topical term or geographic name as entry element Oral art
650 ## - SUBJECT ADDED ENTRY--TOPICAL TERM
Topical term or geographic name as entry element Recitation
650 ## - SUBJECT ADDED ENTRY--TOPICAL TERM
Topical term or geographic name as entry element News presentation
700 ## - ADDED ENTRY--PERSONAL NAME
Personal name শাফি, এফ এইচ ইয়াসিন
700 ## - ADDED ENTRY--PERSONAL NAME
Personal name আব্দুল্লাহ, শাফী
942 ## - ADDED ENTRY ELEMENTS (KOHA)
Source of classification or shelving scheme Dewey Decimal Classification
Koha item type Books
Koha issues (borrowed), all copies 2
Holdings
Source of classification or shelving scheme Damaged status Not for loan Home library Current library Shelving location Date of accession Cost, normal purchase price Total Checkouts Full call number Barcode Date last seen Date checked out Copy number Koha item type
Dewey Decimal Classification     JCC Rouf Library JCC Rouf Library General Stacks 07/19/2020 270.00 1 371.5 AJK 2019 15897 09/04/2022 02/28/2021 C-1 Books

JCC Library | Contacts | JCC Home

Last Update on 23 September 2017
Copyright @ 2017-2020 JCC Rouf Library
Rouf Library, Jhenidah Cadet College (JCC), Bangladesh